Fundamentals of nursing. / (Record no. 20768)
[ view plain ]
| 000 -LEADER | |
|---|---|
| fixed length control field | 00588nam a2200229 a 4500 |
| 005 - DATE AND TIME OF LATEST TRANSACTION | |
| control field | 20140310183250.0 |
| 008 - FIXED-LENGTH DATA ELEMENTS--GENERAL INFORMATION | |
| fixed length control field | 041015s19uu xx 00 eng d |
| 020 ## - INTERNATIONAL STANDARD BOOK NUMBER | |
| International Standard Book Number | 0-323-02586-2 |
| 050 ## - LIBRARY OF CONGRESS CALL NUMBER | |
| Classification number | RT 41 |
| Item number | .P462 2005 |
| 100 ## - MAIN ENTRY--PERSONAL NAME | |
| Personal name | Potter, Patricia A. |
| 245 ## - TITLE STATEMENT | |
| Title | Fundamentals of nursing. / |
| Remainder of title | Patricia A. Potter. |
| 250 ## - EDITION STATEMENT | |
| Edition statement | 6th ed. |
| 260 ## - PUBLICATION, DISTRIBUTION, ETC. (IMPRINT) | |
| Place of publication, distribution, etc | Missouri : |
| Name of publisher, distributor, etc | Mosby, |
| Date of publication, distribution, etc | 2005. |
| 300 ## - PHYSICAL DESCRIPTION | |
| Extent | 1728 p. : |
| Other physical details | ill. ; |
| Dimensions | 25 cm. |
| 521 ## - TARGET AUDIENCE NOTE | |
| Target audience note | |
| 650 ## - SUBJECT ADDED ENTRY--TOPICAL TERM | |
| Topical term or geographic name as entry element | Nursing. |
| 700 ## - ADDED ENTRY--PERSONAL NAME | |
| Personal name | Perry, Anne Griffin |
| 942 ## - ADDED ENTRY ELEMENTS (KOHA) | |
| Koha item type | Books |
| Source of classification or shelving scheme | Library of Congress Classification |
| Call number prefix | Foreign |
| Withdrawn status | Lost status | Source of classification or shelving scheme | Damaged status | Home library | Current library | Shelving location | Date acquired | Total Checkouts | Full call number | Barcode | Date last seen | Copy number | Price effective from | Koha item type |
|---|---|---|---|---|---|---|---|---|---|---|---|---|---|---|
| Library of Congress Classification | College Library | College Library | General Circulation Section | 01/24/2007 | RT 41 .P462 2005 vol.2 | C7243 | 05/15/2018 | 1 | 03/10/2014 | Books | ||||
| Library of Congress Classification | College Library | College Library | General Circulation Section | 12/13/2013 | RT 41 .P462 2005 vol.2 | C7244 | 05/15/2018 | 2 | 12/13/2013 | Books | ||||
| Library of Congress Classification | College Library | College Library | General Circulation Section | 12/13/2013 | RT 41 .P462 2005 vol.2 | C7245 | 05/15/2018 | 3 | 12/13/2013 | Books |